000 00467cam a2200181ua 4500
020 _c8.00
041 _aeng
_h
082 _a001.42
_bDAN/FU
100 _aDandapani, S .
245 _aFundamentals of social survey and research methodes /
_cS Dandapani.
_hTextual Documents
250 _a1 /
_b.
260 _aNew Delhi :
_bScholes Foundation ,
_c1971.
300 _a90 ;
_eCD ROM.
365 _a8.00
504 _a
942 _cBK
999 _c5595
_d5595